Effects of different storage methods on rice quality, ឥទ្ធិពលនៃការទុកដាក់ស្រូវដោយវិធីផ្សេងៗទៅលើគុណភាពស្រូវអង្ករ (Record no. 11019)
[ view plain ]
| 000 -LEADER | |
|---|---|
| fixed length control field | 00622nam a22001577a 4500 |
| 003 - CONTROL NUMBER IDENTIFIER | |
| control field | OSt |
| 005 - DATE AND TIME OF LATEST TRANSACTION | |
| control field | 20161130105733.0 |
| 008 - FIXED-LENGTH DATA ELEMENTS--GENERAL INFORMATION | |
| fixed length control field | 161130b xxu||||| |||| 00| 0 eng d |
| 040 ## - CATALOGING SOURCE | |
| Transcribing agency | RUA |
| 082 ## - DEWEY DECIMAL CLASSIFICATION NUMBER | |
| Classification number | GRS SAN 2015 B542 Or.1 |
| 100 ## - MAIN ENTRY--PERSONAL NAME | |
| 9 (RLIN) | 11465 |
| Personal name | SAN SOVNN; សាន់ សុវណ្ណ |
| 245 ## - TITLE STATEMENT | |
| Title | Effects of different storage methods on rice quality, ឥទ្ធិពលនៃការទុកដាក់ស្រូវដោយវិធីផ្សេងៗទៅលើគុណភាពស្រូវអង្ករ |
| 260 ## - PUBLICATION, DISTRIBUTION, ETC. (IMPRINT) | |
| Place of publication, distribution, etc. | Phnom Penh |
| Name of publisher, distributor, etc. | SAN |
| Date of publication, distribution, etc. | 2015 |
| 300 ## - PHYSICAL DESCRIPTION | |
| Extent | viii,26p. |
| Other physical details | ill. |
| Dimensions | 29cm. |
| 942 ## - ADDED ENTRY ELEMENTS (KOHA) | |
| Source of classification or shelving scheme | |
| Koha item type | GRS |
| Price effective from | Date last seen | Permanent Location | Not for loan | Date acquired | Source of classification or shelving scheme | Koha item type | Lost status | Withdrawn status | Date last checked out | Total Checkouts | Shelving location | Damaged status | Barcode | Current Location | Full call number |
|---|---|---|---|---|---|---|---|---|---|---|---|---|---|---|---|
| 2016-11-30 | 2017-01-06 | Library Block B | 2016-11-30 | GRS | 2017-01-02 | 1 | B542 | A04034 | Library Block B | GRS SAN 2015 B542 Or.1 | |||||
| 2016-11-30 | 2018-06-15 | Library Block B | 2016-11-30 | GRS | 2018-05-25 | 2 | B542 | A03507 | Library Block B | GRS SAN 2015 B542 Or.2 | |||||
| 2016-11-30 | 2016-11-30 | Library Block B | 2016-11-30 | GRS | B542 | A03565 | Library Block B | GRS SAN 2015 B542 Or.3 | |||||||
| 2016-11-30 | 2016-11-30 | Library Block B | 2016-11-30 | GRS | B542 | A03509 | Library Block B | GRS SAN 2015 B542 Or.4 | |||||||
| 2016-11-30 | 2016-11-30 | Library Block B | 2016-11-30 | GRS | B542 | A03434 | Library Block B | GRS SAN 2015 B542 Or.5 | |||||||
| 2016-11-30 | 2016-11-30 | Library Block B | 2016-11-30 | GRS | B542 | A03210 | Library Block B | GRS SAN 2015 B542 Or.6 | |||||||
| 2016-11-30 | 2019-06-10 | Library Block B | 2016-11-30 | GRS | 2019-05-24 | 1 | B542 | A03285 | Library Block B | GRS SAN 2015 B542 Or.7 |